Hunger Games „Sunrise on the Reaping“ - Statistics

General Stats
  • This quiz has been taken 888 times
  • The average score is 10 of 14
Answer Stats
Hint Answer % Correct
Who officially participated from District 12 in the 50th Hunger Games ? Haymitch Abernathy
96%
Louella McCoy
89%
Maysilee Donner
89%
What nickname did Haymitch call Louella ? Sweetheart
82%
Wyatt Callow
80%
What are Katniss‘s parent‘s first names? Burdock
79%
What was the name of Beetee‘s son ? Ampert Latier
78%
By which weapon did Silka die ? Ax
77%
What did Snow give Haymitch as a sponsor gift in the arena ? Jug of milk
66%
What did Lenore Dove die of ? Poisoned gumdrop
64%
Asterid
60%
What did Lenore Dove give Haymitch for his 16th birthday ? Flint striker
59%
What was the name of Maysilee‘s twin sister ? Merrilee Donner
57%
What did Sid like to watch ? Stars
33%
No matching quizzes found
Score Distribution
Percent of People with Each Score
Percentile by Number Answered
Your Score History
You have not taken this quiz